The subtleties of the inimitable Mulla Nasrudin, (Record no. 234581)

000 -LEADER
fixed length control field 00755cam a2200241 4500
001 - CONTROL NUMBER
control field 794568
003 - CONTROL NUMBER IDENTIFIER
control field Nust
005 - DATE AND TIME OF LATEST TRANSACTION
control field 20170324124322.0
008 - FIXED-LENGTH DATA ELEMENTS--GENERAL INFORMATION
fixed length control field 741003s1973 nyua 000 0 eng
010 ## - LIBRARY OF CONGRESS CONTROL NUMBER
LC control number 74182285
020 ## - INTERNATIONAL STANDARD BOOK NUMBER
International Standard Book Number 9788129110466
040 ## - CATALOGING SOURCE
Original cataloging agency DLC
Transcribing agency DLC
Modifying agency DLC
050 00 - LIBRARY OF CONGRESS CALL NUMBER
Classification number BP189.62
Item number .S5 1973b
082 00 - DEWEY DECIMAL CLASSIFICATION NUMBER
Classification number 828.91408
Author Mark SHA
100 1# - MAIN ENTRY--PERSONAL NAME
Personal name Shah, Idries,
Dates associated with a name 1924-1996.
245 14 - TITLE STATEMENT
Title The subtleties of the inimitable Mulla Nasrudin,
Statement of responsibility, etc. by Idries Shah. Drawings by Richard Williams and Richard Purdum.
250 ## - EDITION STATEMENT
Edition statement [1st ed.]
260 ## - PUBLICATION, DISTRIBUTION, ETC.
Place of publication, distribution, etc. New York,
Name of publisher, distributor, etc. Dutton,
Date of publication, distribution, etc. 1973.
300 ## - PHYSICAL DESCRIPTION
Extent 102 p.
Other physical details illus.
Dimensions 19 cm.
350 ## - PRICE (NR) (BK AM CF MU VM SE) [OBSOLETE]
Price $1.95
650 #0 - SUBJECT ADDED ENTRY--TOPICAL TERM
Topical term or geographic name entry element Sufism.
906 ## - LOCAL DATA ELEMENT F, LDF (RLIN)
a 7
b cbc
c orignew
d 2
e ncip
f 19
g y-gencatlg
942 ## - ADDED ENTRY ELEMENTS (KOHA)
Source of classification or shelving scheme
Koha item type Book
Holdings
Withdrawn status Lost status Source of classification or shelving scheme Damaged status Not for loan Permanent Location Current Location Shelving location Date acquired Total Checkouts Full call number Barcode Date last seen Copy number Price effective from Koha item type
          Central Library (CL) Central Library (CL) Fiction 03/24/2017   828.91408 SHA CL648 11/13/2024 1 03/24/2017 Book
© 2023 Central Library, National University of Sciences and Technology. All Rights Reserved.